Statystyki dla Najwiecej warci polscy piłkarze

Kliknij tutaj aby rozwiązać quiz!

Ogólne statystyki

  • Ten quiz został rozwiązany 121 razy
  • Średni wynik to 12 z 15

Statystyki odpowiedzi

klubWartoscPilłkarz% Poprawnych
FC barcelona45 milionowRobert Lewandowski
99%
Juventus13 milionowWojciech szczęsny
98%
Aston villa22 milionyMatty Cash
96%
Napoli40 milionowPiotr Zielinski
95%
Juventus10 milionowArkadiusz milik
94%
As roma15 milionowNicola Zalewski
93%
Al shabab6 milionowGrzegorz Krychowiak
89%
Arsenal8 milionowJakub Kiwior
77%
Southampton18 milionowJan Bednarek
77%
Salernitana11 milionowKrzysztof Piątek
74%
Lens7 milionowPrzemysław frankowski
68%
Feyenoord14 milionowSebastian Szymanski
64%
Wolfsburg10 milionowJakub Kamiński
57%
Charlotte5 milionowKarol Świderski
56%
Spezia5,5 milionowSzymon Żurkowski
23%

Rozkład punktacji

Percentyl według liczby udzielonych odpowiedzi

Procent ludzi z każdym wynikiem

Twoja historia wyników

Nie rozwiązałeś tego quizu